<?xml version="1.0" encoding="UTF-8"?>
<record
    xmlns:xsi="http://www.w3.org/2001/XMLSchema-instance"
    xsi:schemaLocation="http://www.loc.gov/MARC21/slim http://www.loc.gov/standards/marcxml/schema/MARC21slim.xsd"
    xmlns="http://www.loc.gov/MARC21/slim">

  <leader>01342nam a2200301 i 4500</leader>
  <controlfield tag="001">18380</controlfield>
  <controlfield tag="003">ES-MaACL</controlfield>
  <controlfield tag="005">20250815043254.0</controlfield>
  <controlfield tag="007">t|</controlfield>
  <controlfield tag="008">011213m19801999sp           ||||1| spa d</controlfield>
  <datafield tag="020" ind1=" " ind2=" ">
    <subfield code="a">84-239-4981-8</subfield>
  </datafield>
  <datafield tag="020" ind1=" " ind2=" ">
    <subfield code="a">84-239-8913-5</subfield>
  </datafield>
  <datafield tag="080" ind1=" " ind2=" ">
    <subfield code="a">946.0"0711/1492"</subfield>
  </datafield>
  <datafield tag="245" ind1="0" ind2="3">
    <subfield code="a">La Espa&#xF1;a cristiana de los siglos VIII al XI.</subfield>
  </datafield>
  <datafield tag="260" ind1=" " ind2=" ">
    <subfield code="a">Madrid : </subfield>
    <subfield code="b">Espasa-Calpe, </subfield>
    <subfield code="c">1980-1999.</subfield>
  </datafield>
  <datafield tag="300" ind1=" " ind2=" ">
    <subfield code="a">2 v. : </subfield>
    <subfield code="b">il. ; </subfield>
    <subfield code="c">27 cm.</subfield>
  </datafield>
  <datafield tag="490" ind1="1" ind2=" ">
    <subfield code="a">Historia de Espa&#xF1;a Men&#xE9;ndez Pidal ; </subfield>
    <subfield code="v">6,7</subfield>
  </datafield>
  <datafield tag="500" ind1=" " ind2=" ">
    <subfield code="a">Publ. a partir del t. 35, v.1&#xBA; (1989) con el tit.: Historia de Espa&#xF1;a Men&#xE9;ndez Pidal ; anteriormente publ. con el t&#xED;t.: Historia de Espa&#xF1;a.</subfield>
  </datafield>
  <datafield tag="505" ind1="8" ind2=" ">
    <subfield code="a">Contine: T&#xBA; 7, 1&#xBA;. El reino astur-leon&#xE9;s (722 a 1037) : sociedad, econom&#xED;a, gobierno, cultura y vida / por Claudio S&#xE1;nchez-Albornoz -- T&#xBA; 7, 2&#xBA;. Los nucleos pirenaicos (718-1035) : Navarra, Arag&#xF3;n, Catalu&#xF1;a / por Manuel Riu y Riu ... [et al.]</subfield>
  </datafield>
  <datafield tag="651" ind1=" " ind2="4">
    <subfield code="a">Espa&#xF1;a-</subfield>
    <subfield code="x">Historia-</subfield>
    <subfield code="y">0711-1492, Reconquista.</subfield>
    <subfield code="9">8217</subfield>
  </datafield>
  <datafield tag="700" ind1="1" ind2=" ">
    <subfield code="a">S&#xE1;nchez-Albornoz, Claudio,</subfield>
    <subfield code="d">1893-1984</subfield>
    <subfield code="9">102440</subfield>
  </datafield>
  <datafield tag="700" ind1="1" ind2=" ">
    <subfield code="a">Riu, Manuel.</subfield>
    <subfield code="9">97501</subfield>
  </datafield>
  <datafield tag="740" ind1="0" ind2=" ">
    <subfield code="a">Historia de Espa&#xF1;a Men&#xE9;ndez Pidal.</subfield>
  </datafield>
  <datafield tag="740" ind1="0" ind2=" ">
    <subfield code="a">Historia de Espa&#xF1;a.</subfield>
  </datafield>
  <datafield tag="830" ind1="0" ind2="0">
    <subfield code="a">Historia de Espa&#xF1;a Men&#xE9;ndez Pidal</subfield>
    <subfield code="v">6,7</subfield>
    <subfield code="9">179677</subfield>
  </datafield>
  <datafield tag="852" ind1=" " ind2=" ">
    <subfield code="a">ES-MaACL</subfield>
    <subfield code="j">J-64 t&#xBA; 6-7 </subfield>
    <subfield code="b">R.131078</subfield>
  </datafield>
  <datafield tag="999" ind1=" " ind2=" ">
    <subfield code="c">18380</subfield>
    <subfield code="d">18380</subfield>
  </datafield>
  <datafield tag="952" ind1=" " ind2=" ">
    <subfield code="0">0</subfield>
    <subfield code="1">0</subfield>
    <subfield code="2">ddc</subfield>
    <subfield code="4">0</subfield>
    <subfield code="7">0</subfield>
    <subfield code="a">ATENEOM</subfield>
    <subfield code="b">ATENEOM</subfield>
    <subfield code="c">DEPO2</subfield>
    <subfield code="d">2008-01-17</subfield>
    <subfield code="e">SC</subfield>
    <subfield code="l">0</subfield>
    <subfield code="o">J-64 (6-7)</subfield>
    <subfield code="p">1018801</subfield>
    <subfield code="r">2023-02-23 00:00:00</subfield>
    <subfield code="w">2023-02-23</subfield>
    <subfield code="y">MONOGRAFIA</subfield>
  </datafield>
</record>
